[Event "zt 2.5"]
[Site "Asuncion PAR"]
[Date "2009.06.18"]
[Round "9"]
[White "Gamarra,R"]
[Black "Latorre,Mat"]
[Result "1/2-1/2"]
[WhiteElo "1990"]
[BlackElo "2041"]

1.Nf3 d5 2.g3 Nf6 3.Bg2 Bf5 4.O-O Nbd7 5.d4 c5 6.c4 cxd4 7.Nxd4 Be4 8.f3 Bxb1
9.Rxb1 e5 10.Nf5 Qb6+ 11.Be3 d4 12.Bf2 Qe6 13.Qc2 g6 14.Nh4 Rc8 15.b3 b5
16.f4 exf4 17.gxf4 bxc4 18.Bxd4 Bc5 19.Bxc5 Rxc5 20.bxc4 Qe3+ 21.Kh1 Rh5
22.Rb3 Qe7 23.Nf3 O-O 24.Rb5 Nc5 25.Ne5 Qc7 26.Bf3 Rh4 27.e3 a6 28.Rb2 Nfd7
29.Nc6 Re8 30.Qf2 Rh6 31.Rd1 Nb6 32.Ne5 Nba4 33.Rc2 Kg7 34.Ng4 Rh5 35.Rd5 Rxd5
36.cxd5 Qa5 37.Qh4 Nd7 38.e4 h5 39.Ne3 Qb6 40.Qe1 Nac5 41.Nc4 Qf6 42.Qe3 Qa1+
43.Kg2 Rb8 44.Qc3+ Qxc3 45.Rxc3 Na4 46.Rc2 Ndc5 47.d6 Nd3 48.Kg3 Nac5 49.Rd2 Rb4
50.d7 Rb8 51.e5 Rd8 52.Nb6 Kf8 53.a4 a5 54.Bc6 Nb4 55.Bf3 Ke7 56.Kh4 Nxd7
57.Nc4 Nxe5 58.Re2 Rd4 59.Nxe5 Kf6 60.Re4 Rd2 61.Kg3 Na6 62.Nc4 h4+ 63.Kxh4 Rxh2+
64.Kg3 Ra2 65.Nxa5 Nc5 66.Rc4 Nxa4 67.Rc6+ Kg7 68.Nc4 Rc2 69.Ne5 Rxc6 70.Bxc6 Nc5
71.Be8 Ne4+ 72.Kf3 Nd6 73.Bd7 f6 74.Ng4 g5 75.f5 Kf7 76.Ke3 Ke7 77.Be6 Ne8
78.Kd4 Ng7 79.Kd5 Nh5 80.Bc8 Kd8 81.Ba6 Ke7 82.Bb5 Ng3 83.Bd3 Nh5 84.Nh6 Nf4+
85.Ke4 Nh5 86.Bc4 Kd6 87.Ng4 Ng3+ 88.Kf3 Nxf5 89.Nxf6 Ke5 90.Ng4+ Kd4 91.Be6 Ng7
92.Bc8 Ne8 93.Bd7 Nd6 94.Nh6 Nc4  1/2-1/2

[Event "XLIV Capablanca Memorial Open"]
[Site "Havana CUB"]
[Date "2009.06.18"]
[Round "10"]
[White "Pina Vega,S"]
[Black "Perez Garcia,Rodn"]
[Result "1/2-1/2"]
[WhiteElo "2270"]
[BlackElo "2436"]

1.Nf3 d5 2.g3 Nf6 3.Bg2 e6 4.O-O Be7 5.d3 O-O 6.Nbd2 c5 7.e4 Nc6 8.c3 b6
9.e5 Nd7 10.Re1 b5 11.Nf1 a5 12.h4 Ba6 13.N1h2 b4 14.Bg5 Rb8 15.Bxe7 Qxe7
16.Re2 bxc3 17.bxc3 Rb6 18.Rb1  1/2-1/2

[Event "13th Master Open"]
[Site "Voronezh RUS"]
[Date "2009.06.18"]
[Round "7"]
[White "Sharafiev,A"]
[Black "Saduakassova,D"]
[Result "1-0"]
[WhiteElo "2432"]
[BlackElo "1916"]

1.Nf3 d5 2.g3 Bg4 3.Bg2 c6 4.c4 e6 5.d4 Nf6 6.Nc3 Bd6 7.Qb3 Qc8 8.Ne5 Bf5
9.Bf4 Bxe5 10.Bxe5 Nbd7 11.Bd6 Nb6 12.cxd5 exd5 13.O-O Nc4 14.Bf4 Be6 15.Na4 O-O
16.Nc5 b6 17.Nxe6 Qxe6 18.Qc2 Rfc8 19.b3 Nd6 20.Rac1 c5 21.dxc5 Rxc5 22.Qd3 Nde4
23.Be3 Rxc1 24.Bxc1 Rc8 25.Bb2 Nc5 26.Qd1 Nce4 27.Bf3 h6 28.e3 Qf5 29.Be2 Nc3
30.Bd3 Qe6 31.Qa1 Nce4 32.Rc1 Rxc1+ 33.Qxc1 Qf5 34.Qf1 Qd7 35.f3 Nc5 36.Bb1 Qe6
37.Kf2 a5 38.Qd1 Qh3 39.Kg1 Qe6 40.Qd4 Ncd7 41.g4 Qc6 42.h4 Qd6 43.Kg2 Nc5
44.Qc3 Qe7 45.Bf5 Ne8 46.Kh3 Ne6 47.Qc6 g6 48.Bxe6 Qxe6 49.Qxe6 fxe6 50.a4 Nd6
51.Bd4 Nc8 52.h5 gxh5 53.gxh5 Kf7 54.Kg4 Ke8 55.f4 Kf7 56.f5 Ne7 57.fxe6+ Kxe6
58.Bxb6 Nc6 59.Bd4 Nd8 60.Bg7 Nf7 61.Kf4 Nd6 62.Bxh6  1-0

[Event "13th Master Open"]
[Site "Voronezh RUS"]
[Date "2009.06.18"]
[Round "7"]
[White "Ogloblin,N"]
[Black "Rysbayeva,A"]
[Result "1-0"]
[WhiteElo "2367"]
[BlackElo "2167"]

1.Nf3 d5 2.g3 Bg4 3.Bg2 Nd7 4.c4 c6 5.cxd5 cxd5 6.Nc3 e6 7.d4 Ngf6 8.Ne5 Nxe5
9.dxe5 Nd7 10.Qa4 Bf5 11.O-O a6 12.e4 b5 13.Qd1 dxe4 14.Nxe4 Nxe5 15.Bg5 f6
16.Nxf6+ gxf6 17.Qxd8+ Rxd8 18.Bxf6 Rg8 19.Bxe5 Bg7 20.Bc6+ Kf8 21.Bxg7+ Rxg7
22.b4 Rc7 23.Bf3 Rd4 24.a3 Rd3 25.Be2 Rd2 26.Bh5 Rcc2 27.Bf3 Bh3 28.Bg2 Bf5
29.Bb7 Bh3 30.Rfc1 Rb2 31.Rcb1 Rbc2 32.Be4 Ra2 33.Rxa2 Rxa2 34.Bxh7 Rxa3
35.Be4 Ke7 36.f4 Ra2 37.Bf3 Kf6 38.Re1 Rb2 39.Re4 Rb1+ 40.Kf2 Bf5 41.Rd4 Rb2+
42.Ke1 Rxh2 43.g4 Bg6 44.Rd6 Rb2 45.f5 Bxf5 46.gxf5 Kxf5 47.Rd4 a5 48.bxa5 Ra2
49.Be2 Rxa5 50.Rb4 Ke5 51.Bxb5 Kd5 52.Be2 Ra1+ 53.Kf2 Ra3 54.Ke1 Ra1+ 55.Kd2 Ra3
56.Bd3 Ra2+ 57.Ke3 Ra5 58.Rd4+ Ke5 59.Rh4 Kd6 60.Rh8 Ra3 61.Kd4 Ra7 62.Bc4 Rg7
63.Rd8+ Ke7 64.Ra8 Rg4+ 65.Kc5 Kf6 66.Rf8+ Ke7 67.Rh8 Re4 68.Rh6 Re1 69.Rh2 Kf6
70.Kd4 Rd1+ 71.Bd3 Re1 72.Be2 Ra1 73.Rf2+ Ke7 74.Rf3 Rh1 75.Re3 Rh4+ 76.Ke5 Ra4
77.Rb3 Ra5+ 78.Bb5 Ra1 79.Rb2 Ra5 80.Rb1 Ra3 81.Bc4 Ra5+ 82.Kd4 Rh5 83.Rb7+ Kf6
84.Rb6 Re5 85.Rb1 Rh5 86.Re1 Rh4+ 87.Kc5 e5 88.Bd3 Rd4 89.Bc2 Rf4 90.Be4 Ke7
91.Kd5 Kf6 92.Rg1 Rh4 93.Rg6+ Kf7 94.Rb6 Rh8 95.Bf5 Ra8 96.Kxe5 Ra5+ 97.Kf4 Ra4+
98.Kg5 Ke7 99.Re6+ Kd8 100.Kf6 Kc7 101.Ke7 Rf4 102.Re5 Rc4 103.Be6 Rc1 104.Re2 Kc6
105.Kf6 Rc5 106.Rd2 Rc1 107.Bd5+ Kc5 108.Ke5 Re1+ 109.Be4 Kc4 110.Rc2+ Kb3
111.Rd2 Kc3 112.Rd8 Rc1 113.Ra8 Rd1 114.Rc8+ Kb4 115.Bc2 Rd7 116.Be4 Rd1
117.Bf3 Rd3 118.Bd5 Rc3 119.Rb8+ Kc5 120.Rb7 Re3+ 121.Be4 Rc3 122.Rc7+ Kb4
123.Bc6 Kc5 124.Rc8 Kb6 125.Kd6 Rd3+ 126.Bd5 Rd2 127.Rb8+ Ka7 128.Rb4 Rd1
129.Kc7 Ka6 130.Bc6 Ra1 131.Rb8  1-0

[Event "13th Master Open"]
[Site "Voronezh RUS"]
[Date "2009.06.18"]
[Round "7"]
[White "Romanov,E"]
[Black "Stukopin,A"]
[Result "1-0"]
[WhiteElo "2589"]
[BlackElo "2380"]

1.Nf3 d5 2.g3 Nf6 3.Bg2 c6 4.c4 dxc4 5.O-O Qc7 6.Na3 b5 7.d3 cxd3 8.Bf4 dxe2
9.Qxe2 Qb6 10.Ne5 e6 11.Nxc6 Nxc6 12.Nxb5 Nd4 13.Nxd4 Ba6 14.Qc2 Rc8 15.Qa4+ Nd7
16.Bc6 Rxc6 17.Qxc6 Bxf1 18.Qc8+ Qd8 19.Qxd8+ Kxd8 20.Kxf1 Bc5 21.Nc6+ Kc8
22.Rc1 Kb7 23.Ne5 Nxe5 24.Bxe5 Kb6 25.Bxg7 Rd8 26.Ke2 Rd5 27.Rc4 Kb5 28.Rf4 f5
29.Rh4 e5 30.Rh5 e4 31.g4 Rd7 32.Bc3  1-0

[Event "XXVII Open A"]
[Site "Balatonlelle HUN"]
[Date "2009.06.19"]
[Round "7"]
[White "Prohaszka,P2"]
[Black "Fodor,T jr"]
[Result "1-0"]
[WhiteElo "2511"]
[BlackElo "2411"]

1.Nf3 d5 2.g3 Nf6 3.Bg2 e6 4.O-O Be7 5.d4 O-O 6.c4 dxc4 7.Qc2 a6 8.a4 Bd7
9.Rd1 Bc6 10.Nc3 Nd5 11.e4 Nxc3 12.bxc3 b5 13.d5 exd5 14.exd5 Bb7 15.Nd4 Bf6
16.Nc6 Qd7 17.Bf4 Re8 18.h4 h6 19.Kh2 g5 20.Bh3 g4 21.Bg2 h5 22.Rab1 Bc8
23.Re1 Rxe1 24.Rxe1 Nxc6 25.dxc6 Qd3 26.Re8+ Kg7 27.Qc1  1-0

[Event "Champions League CAA"]
[Site "Buenos Aires ARG"]
[Date "2009.06.19"]
[Round "8"]
[White "Garcia,Rai"]
[Black "Barrionuevo,P"]
[Result "1-0"]
[WhiteElo "2348"]
[BlackElo "2327"]

1.Nf3 d5 2.g3 Nf6 3.Bg2 e6 4.O-O Be7 5.c4 c5 6.cxd5 exd5 7.d4 Nc6 8.Nc3 O-O
9.Bg5 cxd4 10.Nxd4 h6 11.Be3 Re8 12.Rc1 Bf8 13.Nxc6 bxc6 14.Na4 Bd7 15.Bc5 Bxc5
16.Nxc5 Bg4 17.Re1 Qa5 18.a3 Qb5 19.f3 Bh5 20.Qd2 a5 21.b3 Bg6 22.e3 Rad8
23.Bf1 Qb6 24.Qd4 Rd6 25.Rc3 Nd7 26.Kf2 Ne5 27.Nd3 Nxd3+ 28.Bxd3 c5 29.Qa4 Re7
30.Qb5 d4 31.Qxb6 Rxb6 32.exd4 Rxe1 33.Kxe1 cxd4 34.Rc8+ Kh7 35.Bc4 Bc2 36.Ra8 Bxb3
37.Bd3+ g6 38.Rxa5 Be6 39.Bb5 Bd5 40.f4 Be4 41.a4 Rb7 42.Ra6 Rc7 43.Rd6 Rc1+
44.Kd2 Rc2+ 45.Kd1 d3 46.Bxd3 Bxd3 47.Rxd3 Ra2 48.Rd4 Rxh2 49.Rd2 Rh1+ 50.Kc2 Ra1
51.Kb3 g5 52.fxg5 hxg5 53.Ra2 Rb1+ 54.Kc4 f5 55.a5 Rb8 56.a6 f4 57.a7 Ra8
58.g4 Kg7 59.Kd4 Kf6 60.Ra6+ Ke7 61.Ke4 Ke8 62.Rh6 Kf7 63.Ra6 Ke8 64.Ra1 Kd7
65.Kf5 f3 66.Kxg5 f2 67.Kh6 Ke6 68.Rf1 Rxa7 69.Rxf2 Ra4 70.g5 Rh4+ 71.Kg7 Rh1
72.g6 Ra1 73.Kh7 Rh1+ 74.Kg8 Ra1 75.g7 Ke7  1-0

[Event "13th Master Open"]
[Site "Voronezh RUS"]
[Date "2009.06.19"]
[Round "8"]
[White "Dmitriev,Ig"]
[Black "Saduakassova,D"]
[Result "1-0"]
[WhiteElo "2346"]
[BlackElo "1916"]

1.g3 d5 2.Nf3 Nf6 3.Bg2 c6 4.O-O Bf5 5.c4 e6 6.cxd5 exd5 7.d4 Nbd7 8.Nh4 Be6
9.Nc3 Be7 10.Qc2 O-O 11.Rd1 Re8 12.Bd2 Nb6 13.Be1 Nc4 14.Bh1 Nd6 15.f3 Nd7
16.Ng2 Bg5 17.Bf2 Bf5 18.Qb3 Qb6 19.h4 Bf6 20.Qxb6 Nxb6 21.g4 Bd7 22.g5 Bd8
23.b3 Bf5 24.Rac1 Bc7 25.Ne3 Bg6 26.a4 a5 27.Re1 Re7 28.Nf1 Rae8 29.Ng3 Nf5
30.Nxf5 Bxf5 31.e4 Be6 32.e5 Bf5 33.Nd1 g6 34.Ne3 Bc8 35.f4 Rd7 36.Ng4 Bd8
37.Red1 Re6 38.Bg2 Kh8 39.Be1 Na8 40.Nf6 Bxf6 41.gxf6 b6 42.Bh3 Rc7 43.Bxe6 Bxe6
44.Rd3 Bd7 45.Rdc3 Kg8 46.f5 gxf5 47.Rg3+ Kh8 48.Bd2 Rc8 49.Rg7 Be6 50.Kf2 c5
51.dxc5 bxc5 52.Bxa5 d4 53.Rb1 Nc7 54.Bxc7 Rxc7 55.Rgg1 Rb7 56.Rgc1 h5 57.Rxc5 Bxb3
58.Rc8+ Kh7 59.Rg1  1-0

[Event "Oceania Zonal"]
[Site "Gold Coast AUS"]
[Date "2009.06.20"]
[Round "1"]
[White "Sannidhanam,A"]
[Black "Krstev,M"]
[Result "0-1"]
[WhiteElo "1705"]
[BlackElo "2085"]

1.Nf3 d5 2.g3 Nf6 3.Bg2 c5 4.O-O Nc6 5.d4 e6 6.Bg5 Be7 7.c3 Qb6 8.Qb3 Qxb3
9.axb3 cxd4 10.Nxd4 Nxd4 11.cxd4 Bd7 12.Nc3 Bc6 13.Rfc1 O-O 14.e4 dxe4 15.Nxe4 Nd5
16.Bxe7 Nxe7 17.Nd6 Rfb8 18.b4 Bxg2 19.Kxg2 Rd8 20.Nxb7 Rxd4 21.Rc7 Nd5 22.Rc6 g6
23.b5 Rb4 24.Nd6 Rxb2 25.Rca6 Rd8 26.Nc4 Rb4 27.R6a4 Rxb5 28.Rxa7 Rc5 29.Rb7 Nc3
30.Raa7 Nb5 31.Ra5 Rxc4 32.Raxb5 Rd2 33.Rb2 Rxb2 34.Rxb2 Kg7 35.f3 e5 36.Re2 Kf6
37.h4 h5 38.Rd2 Ke6 39.Rb2 Rd4 40.Kf2 Rd3 41.Ke2 Rc3 42.Rb6+ Kf5 43.Rb5 Rc2+
44.Ke3 Rg2 45.f4 Rxg3+ 46.Kf2 Kxf4 47.Rxe5 Kxe5 48.Kxg3 Ke4 49.Kh3 Kf4 50.Kg2 Kg4
51.Kh1 Kxh4 52.Kh2 f5 53.Kg2 Kg4 54.Kh1 f4 55.Kh2 f3 56.Kh1 Kf4 57.Kg1 Ke3
58.Kh2 f2  0-1

[Event "zt 2.3"]
[Site "San Jose CRC"]
[Date "2009.06.20"]
[Round "2"]
[White "Valdes,Le"]
[Black "Prasca Sosa,R"]
[Result "1/2-1/2"]
[WhiteElo "2403"]
[BlackElo "2415"]

1.Nf3 d5 2.g3 Nf6 3.Bg2 c6 4.c4 Bg4 5.Ne5 Be6 6.cxd5 Bxd5 7.Nf3 c5 8.Nc3 Bc6
9.O-O e6 10.d4 cxd4 11.Nxd4 Bxg2 12.Kxg2 Nbd7 13.Ndb5 Qb6 14.Be3 Qc6+ 15.f3 a6
16.Nd4 Qc7 17.Rc1 Qb8 18.g4 Bd6 19.g5 Nh5 20.Ne4 Bf4 21.Bxf4 Nxf4+ 22.Kh1 Qe5
23.e3 Nd5 24.Qd3 O-O 25.a3 Ne7 26.Rg1 Rfd8 27.Qb3 Rab8 28.Ne2 Qf5 29.Nd4 Qd5
30.Qd1 Nf5 31.Nxf5 Qxf5 32.Qe2 Ne5 33.Rgf1 Ng6 34.Rc3 Kh8 35.Qg2 Rd5 36.f4 Rbd8
37.Ng3 Qg4 38.Rc2 Rd1 39.Rf2 Kg8 40.h3 Qh4 41.Kh2 R1d3 42.Re2 R3d5 43.Rg1 Ne7
44.Qf3 Kf8 45.Rgg2 h6 46.Ne4 hxg5 47.Rxg5 Qh7 48.Reg2 Rxg5 49.Nxg5 Qd3 50.Qh5 Qf5
51.Qf3 Nd5 52.Rd2 Ke7 53.Kg3 Qg6 54.Kh2 Qf5 55.Kg3 Qg6 56.Kh2 Qf5  1/2-1/2

[Event "zt 2.3"]
[Site "San Jose CRC"]
[Date "2009.06.21"]
[Round "5"]
[White "Valdes,Le"]
[Black "Gonzalez,Be CRC"]
[Result "1/2-1/2"]
[WhiteElo "2403"]
[BlackElo "2440"]

1.Nf3 d5 2.g3 Nf6 3.Bg2 c6 4.c4 dxc4 5.Na3 b5 6.Ne5 Qc7 7.d4 Bb7 8.O-O e6
9.b3 c3 10.Qd3 Nbd7 11.Nxd7 Qxd7 12.Nc2 c5  1/2-1/2

[Event "Open"]
[Site "Albena BUL"]
[Date "2009.06.22"]
[Round "3"]
[White "Voiska,M"]
[Black "Petkov,V"]
[Result "1/2-1/2"]
[WhiteElo "2332"]
[BlackElo "2481"]

1.Nf3 d5 2.g3 Bg4 3.Bg2 Nd7 4.c4 e6 5.d3 c6 6.O-O Bd6 7.cxd5 exd5 8.Nc3 Ne7
9.Qc2 Nf5 10.Re1 Bxf3 11.exf3+ Kf8 12.Ne2 Qf6 13.Bd2 h5 14.Bc3 d4 15.Bd2 h4
16.Bf4 hxg3 17.hxg3 Bxf4 18.Nxf4 Nh4 19.Qd2 g5 20.Qb4+ Kg7 21.Qe7 gxf4 22.Qxd7 Ng6
23.Re4 Rad8 24.Qg4 fxg3 25.fxg3 Rd5 26.f4 Rb5 27.b3 Rc5 28.Rae1 Rhh5 29.b4 Rcf5
30.R4e2 Rh8 31.Be4 Rfh5 32.Bf3 Rb5 33.a3 a5 34.Re5 Rxe5 35.fxe5 Qe6 36.Qxd4 axb4
37.axb4 Ne7 38.Qg4+ Qxg4 39.Bxg4 Rd8 40.Be2 Rd4 41.Rb1 Nd5 42.b5 Nc3 43.bxc6 bxc6
44.Rb2 Nxe2+ 45.Rxe2 Rxd3 46.Kf2  1/2-1/2

[Event "zt 2.3"]
[Site "San Jose CRC"]
[Date "2009.06.23"]
[Round "7"]
[White "Valdes,Le"]
[Black "Arias,Le"]
[Result "1-0"]
[WhiteElo "2403"]
[BlackElo "2406"]

1.Nf3 d5 2.g3 Bg4 3.Bg2 Nd7 4.c4 e6 5.cxd5 exd5 6.Nc3 Ngf6 7.O-O c6 8.d3 Bc5
9.a3 O-O 10.h3 Bxf3 11.Bxf3 Re8 12.Qc2 Qc7 13.Bf4 Bd6 14.Nb5 cxb5 15.Qxc7 Bxc7
16.Bxc7 Ne5 17.Bxe5 Rxe5 18.Rfc1 Re7 19.Rc5 a6 20.Kf1 Rd8 21.Rac1 Kf8 22.Ke1 h5
23.h4 g6 24.Rc8 Ke8 25.R8c5 Re6 26.Bg2 Ke7 27.Rc7+ Rd7 28.Bh3 Ng4 29.f3 Ne3
30.Bxe6 Kxe6 31.Rc8 Nf5 32.Kf2 Nd6 33.Rg8 d4 34.g4 hxg4 35.fxg4 Re7 36.Rh1 Ne8
37.h5 Nf6 38.h6 Nxg4+ 39.Kg3  1-0

[Event "Municipality Cup"]
[Site "Tbilisi GEO"]
[Date "2009.06.23"]
[Round "9"]
[White "Javakhadze,Z"]
[Black "Babujian,L"]
[Result "1-0"]
[WhiteElo "2288"]
[BlackElo "2506"]

1.Nf3 d5 2.g3 g6 3.c4 d4 4.d3 Bg7 5.Bg2 e5 6.O-O Ne7 7.e3 O-O 8.exd4 exd4
9.Na3 c5 10.Nc2 Nbc6 11.a3 a5 12.b3 Bg4 13.h3 Bf5 14.Rb1 Qd7 15.Kh2 Nc8 16.Nh4 Be6
17.f4 Nd6 18.b4 axb4 19.axb4 cxb4 20.Nxb4 Nxb4 21.Rxb4 Ra2 22.Rb2 Rfa8 23.Qf3 R2a5
24.Qf2 Rh5 25.Bf3 Rc5 26.Bg2 Re8 27.Nf3 Rh5 28.h4 Nf5 29.Ne5 Qd8 30.Rxb7 Bf6
31.Kg1 Bc8 32.Nxf7 Qa5 33.Rb5 Qc3 34.Ne5 Bxe5 35.Rxe5 Rf8 36.g4 Ne3 37.gxh5 Nxf1
38.Qxf1 Bf5 39.Be4 Kh8 40.h6 Bh3 41.Qxh3 Qxc1+ 42.Qf1 Qe3+ 43.Qf2 Qc1+ 44.Kg2 g5
45.Rxg5 Rf6 46.Qg3 Qb2+ 47.Kh3 Qb8 48.Rg7 Rxh6 49.Bd5 Qc8+ 50.Kh2 Rg6 51.Rxg6 hxg6
52.Qg5 Qf8 53.h5 Qg7 54.Qe5  1-0

[Event "4th Polonia Wroclaw Open A"]
[Site "Warsaw POL"]
[Date "2009.06.24"]
[Round "7"]
[White "Urban,K"]
[Black "Postny,E"]
[Result "1/2-1/2"]
[WhiteElo "2456"]
[BlackElo "2648"]

1.Nf3 d5 2.g3 c6 3.Bg2 Bg4 4.d3 Nd7 5.O-O e6 6.c4 Bc5 7.cxd5 cxd5 8.Qb3 Qb6
9.Qxb6 Bxb6 10.Nc3 a6 11.Bf4 Ne7 12.Rfc1 Nc6 13.Bd6 f6 14.Kf1 Kf7 15.Nd2 Rhc8
16.h3 Bh5 17.Na4 Bc7 18.Bxc7 Rxc7 19.g4 Bg6 20.Nc5 Nxc5 21.Rxc5 Ke7 22.Rac1 Kd6
23.f4 Bf7 24.a3 Rac8 25.Nf3 e5 26.fxe5+ fxe5 27.Ke1 Be6 28.Nh4 g6 29.Nf3 h6
30.Nd2 Rf7 31.Nf1 Ne7 32.Rxc8 Nxc8 33.Ne3 Nb6 34.Kd2 Rf4 35.Rf1 d4 36.Nd1 Bd5
37.Rxf4 exf4 38.Bf3 Na4 39.Kc2 Nc5 40.Nf2 a5 41.h4 Bxf3 42.exf3 Ke5 43.Ne4 Ne6
44.Kb3 b6 45.Kc4 Nc7 46.a4 h5 47.g5 Nd5 48.Kb5 Nb4 49.Nf2 Nd5 50.Ne4 Nb4
51.Nf2 Nd5 52.Ne4 Ke6 53.b3 Nc3+ 54.Kc4 Ne2 55.Kb5 Nc3+ 56.Kc4 Ne2 57.Kb5  1/2-1/2

[Event "1st Int Open"]
[Site "Perugia ITA"]
[Date "2009.06.27"]
[Round "2"]
[White "Lazic,Mir"]
[Black "Barletta,M"]
[Result "1/2-1/2"]
[WhiteElo "2438"]
[BlackElo "2224"]

1.Nf3 d5 2.g3 Nc6 3.d4 Bf5 4.Bg2 Nb4 5.Na3 e6 6.O-O Be7 7.c3 Na6 8.Qb3 Qc8
9.c4 c6 10.Bf4 Nf6 11.Rac1 O-O 12.Nb1 Nb4 13.Bd2 dxc4 14.Qxc4 a5 15.Nc3 Ne4
16.a3 Nd5 17.Nxe4 Bxe4 18.Ne5 Bxg2 19.Kxg2 Qd8 20.Rfd1 Nf6 21.f3 Qb6 22.Nd3 Rfd8
23.Be3 a4 24.Bf2 Qa5 25.e4 h5 26.h4 Nd7 27.Nf4 e5 28.Ng6 Bf6 29.f4 exd4 30.Bxd4 Bxd4
31.Rxd4 Nf6 32.Rcd1 Ng4 33.Ne7+  1/2-1/2

[Event "Open"]
[Site "Pula CRO"]
[Date "2009.06.27"]
[Round "1"]
[White "Smith,Ax"]
[Black "Neubauer,Ant"]
[Result "1-0"]
[WhiteElo "2383"]
[BlackElo "2007"]

1.g3 d5 2.Nf3 Nf6 3.Bg2 c6 4.c4 d4 5.O-O Nbd7 6.Nxd4 Ne5 7.Nc2 Nxc4 8.d4 Bf5
9.b3 Bxc2 10.Qxc2 Nb6 11.Bb2 e6 12.e4 Be7 13.Nd2 O-O 14.Rad1 Rc8 15.Nc4 Nxc4
16.bxc4 Qa5 17.Rd3 Rfd8 18.f4 b5 19.c5 Qc7 20.Qe2 a5 21.g4 Qd7 22.g5 Ne8
23.Rh3 g6 24.Ra3 a4 25.h4 Ng7 26.Bf3 Ra8 27.h5 e5 28.hxg6 fxg6 29.Bg4 Qc7
30.fxe5 Bxg5 31.Raf3 Rf8 32.Kg2 Qe7 33.Qf2 Rxf3 34.Qxf3 h5 35.Bh3 Ne6 36.Bxe6+ Qxe6
37.d5 cxd5 38.exd5 Qe7 39.d6  1-0

[Event "Open Duras BVK FIDE"]
[Site "Brno CZE"]
[Date "2009.06.28"]
[Round "3"]
[White "Zitny,P"]
[Black "Sladek,Vl"]
[Result "0-1"]
[WhiteElo "1955"]
[BlackElo "2075"]

1.Nf3 d5 2.g3 c6 3.Bg2 Bg4 4.O-O Nd7 5.d3 Ngf6 6.Nbd2 e5 7.e4 Bc5 8.Qe1 O-O
9.h3 Bh5 10.Nb3 Bb6 11.Bg5 h6 12.Bd2 Qc7 13.Nh4 Rad8 14.Nf5 Rfe8 15.Qc1 Bg6
16.g4 dxe4 17.dxe4 Bxf5 18.exf5 e4 19.Be3 Ne5 20.Bxh6 gxh6 21.Qxh6 Nf3+ 22.Bxf3 exf3
23.Qg5+ Kf8 24.Qh6+ Ke7 25.Qe3+ Bxe3  0-1

[Event "ch-SWE"]
[Site "Kungsor SWE"]
[Date "2009.06.28"]
[Round "1"]
[White "Hillarp Persson,T"]
[Black "Blomqvist,E"]
[Result "1-0"]
[WhiteElo "2618"]
[BlackElo "2436"]

1.g3 d5 2.Nf3 Nf6 3.Bg2 c6 4.c4 dxc4 5.O-O Nbd7 6.Qc2 Nb6 7.a4 a5 8.Na3 Qd5
9.Ne1 Qd6 10.d3 e5 11.e4 Be7 12.Be3 Qc7 13.h3 Nfd7 14.Nxc4 Bc5 15.Nf3 Nxc4
16.Bxc5 Nxc5 17.Qxc4 Nd7 18.d4 O-O 19.Kh2 exd4 20.Nxd4 Qb6 21.f4 Rd8 22.Rfd1 Nf8
23.Qc3 Bd7 24.e5 Ne6 25.Nf5 Nxf4 26.Rxd7 Rxd7 27.gxf4 Qb4 28.Qxb4 axb4 29.Nd6 f6
30.Kg3 g5 31.fxg5 fxe5 32.Nxb7 Rd3+ 33.Kh4 Rf8 34.Rf1 Rxf1 35.Bxf1 e4 36.Nc5 Rd1
37.Bc4+ Kf8 38.a5 e3 39.a6 Ke7 40.Kg3 Ra1 41.Kf3  1-0

[Event "II Magistral Copa Roggio B"]
[Site "Asuncion PAR"]
[Date "2009.06.29"]
[Round "2"]
[White "Valiente,C"]
[Black "Sieiro Gonzalez,L"]
[Result "1/2-1/2"]
[WhiteElo "2234"]
[BlackElo "2361"]

1.Nf3 d5 2.g3 Nf6 3.Bg2 c6 4.O-O Bf5 5.d3 h6 6.Nbd2 e6 7.Qe1 Be7 8.e4 Bh7
9.b3 O-O 10.Qe2 c5 11.Bb2 Nc6 12.Ne5 Nxe5 13.Bxe5 Nd7 14.Bb2 Bf6 15.e5 Be7
16.f4 b5 17.g4 c4 18.Bd4 cxd3 19.cxd3 Bc5 20.Bxc5 Nxc5 21.f5 Qb6 22.Kh1 Nd7
23.Rf4 Rac8 24.Nf3 Rc3 25.Rd1 Rfc8 26.Nd4 Rc1 27.Rxc1 Rxc1+ 28.Bf1 a6 29.Qe3 Ra1
30.Rf2  1/2-1/2

[Event "Petr Izmailov Mem"]
[Site "Tomsk RUS"]
[Date "2009.06.29"]
[Round "6"]
[White "Maletin,P"]
[Black "Belozerov,A"]
[Result "1/2-1/2"]
[WhiteElo "2559"]
[BlackElo "2492"]

1.Nf3 d5 2.g3 Nf6 3.Bg2 c5 4.O-O Nc6 5.d4 e6 6.c4 Be7 7.cxd5 exd5 8.Nc3 O-O
9.dxc5 Bxc5 10.Bg5 d4 11.Ne4 Be7 12.Bxf6 Bxf6 13.b4 Nxb4 14.Nxf6+ Qxf6 15.Qxd4 Qe7
16.Qb2 Nc6 17.a4 Rb8 18.Rfc1 Bd7 19.Ra3 Rfe8 20.Re3 Qb4 21.Rxe8+ Bxe8 22.Qxb4 Nxb4
23.Nd4 Bxa4  1/2-1/2

[Event "II Magistral"]
[Site "Asuncion PAR"]
[Date "2009.06.30"]
[Round "3"]
[White "Lujan,C"]
[Black "Cubas,Jo"]
[Result "1/2-1/2"]
[WhiteElo "2364"]
[BlackElo "2434"]

1.Nf3 d5 2.g3 Nf6 3.Bg2 c6 4.O-O Bg4 5.d3 Nbd7 6.Nbd2 e6 7.Qe1 Be7 8.e4 dxe4
9.dxe4 e5 10.Nc4 Qc7 11.a4 O-O 12.h3 Bxf3 13.Bxf3 Rfe8 14.Bd2 Rad8 15.b4 Nb6
16.Ne3 Qd7 17.Bc3 Qxh3 18.Bxe5 Bxb4 19.Qxb4 Rxe5 20.a5 Rb5 21.Qe7 Qd7 22.Nf5 Qxe7
23.Nxe7+ Kf8 24.axb6 Kxe7 25.bxa7 Ra8 26.Rfd1 Nd7 27.Ra3 Nc5 28.Rda1 Kd7
29.Be2 Rb4 30.Bd3 b5 31.e5 g6 32.Bf1 Ra4 33.Rd1+ Ke7 34.Rc3 Ne6 35.Rxc6 b4
36.Bc4 R8xa7 37.Bxe6 fxe6 38.Rdd6 Ra1+ 39.Kg2 Rc1 40.Rxe6+ Kf7 41.Red6 g5
42.e6+ Kf6 43.Rd3 g4 44.Rc4 h5 45.f3 Ra3 46.fxg4 hxg4 47.Rd2 Kxe6 48.Rxb4 Rc3
49.Rxg4 R1xc2 50.Rxc2 Rxc2+ 51.Kh3 Kf5 52.Rb4 Rc6 53.Rb5+ Kg6 54.Kh4 Ra6
55.Rb4 Rc6 56.Kg4 Ra6 57.Kf4 Rf6+ 58.Kg4 Ra6 59.Re4 Rc6 60.Kh4 Ra6 61.Rg4+ Kh6  1/2-1/2

[Event "GM Dopravni"]
[Site "Brno CZE"]
[Date "2009.06.30"]
[Round "5"]
[White "Ivanov,MM"]
[Black "Beinoras,M"]
[Result "1/2-1/2"]
[WhiteElo "2470"]
[BlackElo "2422"]

1.Nf3 d5 2.g3 Nf6 3.Bg2 Bf5 4.d3 e6 5.O-O h6 6.Qe1 c6 7.Nc3 Bh7 8.e4 dxe4
9.dxe4 Be7 10.a3 O-O 11.e5 Nfd7 12.Qe2 Qc7 13.Bf4 a6 14.h4 c5 15.Rad1 Nc6
16.Rd2 Rad8 17.Rfd1 Nb6 18.g4 Rxd2 19.Rxd2 Rd8 20.Rxd8+ Qxd8 21.h5 Nd5 22.Nxd5  1/2-1/2

[Event "Open Duras BVK FIDE"]
[Site "Brno CZE"]
[Date "2009.07.01"]
[Round "6"]
[White "Petruska,M"]
[Black "Zavadilova,K"]
[Result "1-0"]
[WhiteElo "1901"]
[BlackElo "1713"]

1.Nf3 d5 2.g3 c6 3.Bg2 Nf6 4.O-O Bf5 5.d3 e6 6.Qe1 Be7 7.Nbd2 O-O 8.e4 dxe4
9.dxe4 Bg6 10.Ne5 Nbd7 11.Nxg6 hxg6 12.e5 Nd5 13.c4 N5b6 14.a3 Qc7 15.f4 Rad8
16.b4 c5 17.b5 a6 18.a4 axb5 19.axb5 Ra8 20.Rxa8 Rxa8 21.Qe4 Ra4 22.Rf3 Nd5
23.cxd5 Rxe4 24.d6 Bxd6 25.exd6 Qxd6 26.Nxe4 Qd4+ 27.Rf2 Qc4 28.Bb2 Qxb5
29.Nd6 Qd3 30.Bf1 b6 31.Nb7 Qb1 32.Nd6 Nf6 33.Ne4 Qc2 34.h4 Qxe4 35.Be2 Qb1+
36.Kg2 Qe4+ 37.Bf3 Qc2 38.h5 gxh5 39.Bxh5 Qe4+ 40.Bf3 Qf5 41.g4 g5 42.gxf5 exf5
43.Kg3 Kg7 44.Be4 g4 45.Bxf5  1-0

[Event "35th ch-BAN"]
[Site "Dhaka BAN"]
[Date "2009.07.01"]
[Round "3"]
[White "Ahmed,J BAN"]
[Black "Ahmed,Mah"]
[Result "1-0"]
[WhiteElo "2088"]
[BlackElo "2220"]

1.Nf3 d5 2.g3 g6 3.Bg2 Bg7 4.c4 c6 5.O-O Nf6 6.d4 O-O 7.Nc3 dxc4 8.Ne5 Ng4
9.Nxg4 Bxg4 10.h3 Be6 11.e3 Na6 12.Qa4 Qd7 13.Kh2 Nc7 14.Ne4 b5 15.Qa5 Qc8
16.Nc5 Bd5 17.e4 Bxd4 18.exd5 Bxc5 19.dxc6 Bd4 20.a4 a6 21.Bf4 e5 22.Bh6 Re8
23.Qd2 Rb8 24.axb5 Rxb5 25.Ra2 Nd5 26.Rfa1 Qxc6 27.Rxa6 Qb7 28.R1a5 Qd7 29.Rxb5 Qxb5
30.Ra5 c3 31.Rxb5 cxd2 32.Bxd2 Nc7 33.Rb7 Na6 34.Bd5 Rb8 35.Rxf7 Rf8 36.Rf3+ Kg7
37.Bh6+ Kxh6 38.Rxf8 Bxb2 39.Rf7 Nb4 40.Be4 Na6 41.h4 Nc5 42.Bc2 Ne6 43.g4 Bc1
44.Bd1 Bf4+ 45.Kg2 Bd2 46.Re7 Nf4+ 47.Kf3 g5 48.hxg5+ Kxg5 49.Rxe5+ Kh6 50.Bc2 Ng6
51.Rd5 Bc3 52.Ke4 Bb2 53.f4 Bc1 54.f5 Ne7 55.Rd1 Bg5 56.Rd7 Bf6 57.Kf4 Bh4
58.Rd6+ Kg7 59.g5 Kf7 60.Bb3+ Kf8 61.Rd8+ Kg7 62.f6+ Kg6 63.fxe7 Bxg5+ 64.Kg4 h5+
65.Kf3 Bxe7 66.Rg8+ Kf5 67.Re8 Bg5 68.Bc2+ Kf6 69.Rg8 Bd2 70.Rg6+ Ke5 71.Rg2 Bc1
72.Rh2 Kd4 73.Rxh5 Bd2 74.Be4 Bc1 75.Rd5+ Kc4 76.Rd7 Ba3 77.Bd3+ Kc5 78.Ke4 Kc6
79.Rd5 Bb2 80.Bb5+ Kb6 81.Be8 Ba1 82.Kf5 Bg7 83.Ke6 Bh6 84.Rb5+ Kc7 85.Kd5 Kd8
86.Bc6 Ke7 87.Rb3 Bf4 88.Rf3 Bc7 89.Ba4 Bb8 90.Bc2 Bc7 91.Bg6 Bh2 92.Rf7+ Kd8
93.Kc6 Bg3 94.Rf3 Bh2 95.Re3 Be5 96.Rxe5  1-0

[Event "ZMD Open"]
[Site "Dresden GER"]
[Date "2009.07.01"]
[Round "8"]
[White "Kiessling,A"]
[Black "Tominski,N"]
[Result "1/2-1/2"]
[WhiteElo "2030"]
[BlackElo "1897"]

1.Nf3 d5 2.g3 c5 3.Bg2 Nc6 4.O-O e5 5.d3 Be7 6.Nbd2 Be6 7.e4 d4 8.Ne1 g5
9.c3 h5 10.h3 Qd7 11.Kh2 h4 12.g4 Nh6 13.Bf3 Kf8 14.Rg1 Kg7 15.Be2 Rhc8 16.Ndf3 f6
17.Qd2 Nf7 18.Ng2 Rh8 19.Nfe1 Rh7 20.Nc2 Nh8 21.c4 Ng6 22.a3 Qd6 23.Qe1 Nf4
24.Bd2 a6 25.Rb1 b5 26.b3 Rb8 27.Bf1 Rhh8 28.Nxf4 exf4 29.f3 Ne5 30.Kg2 Rb7
31.Na1 Nc6 32.Be2 Rhb8 33.cxb5 Rxb5 34.Qd1 Bd8 35.Qc2 Be7 36.Rgc1 a5 37.a4 R5b6
38.Be1 R8b7 39.Bd1 Qb8 40.Qe2 Bd6 41.Bc2 Qa7 42.Bd2 Qa6 43.Qe1 Rb8 44.Rd1 R6b7
45.Kf2 Bc7 46.Kg2 Ne5 47.Qe2 Bd6  1/2-1/2

[Event "5th Open"]
[Site "Sort ESP"]
[Date "2009.07.01"]
[Round "8"]
[White "Anuprita,P"]
[Black "Roy,Pa"]
[Result "1/2-1/2"]
[WhiteElo "2065"]
[BlackElo "2061"]

1.Nf3 d5 2.g3 Nf6 3.Bg2 Bg4 4.c4 c6 5.Qc2 Nbd7 6.d4 e6 7.O-O Be7 8.b3 O-O
9.Bb2 Rc8 10.Nbd2 Re8 11.Rfe1 Bf5 12.Qd1 h6 13.Ne5 Qc7 14.Rc1 Rcd8 15.cxd5 exd5
16.a3 Bd6 17.Nxd7 Qxd7 18.e3 Re7  1/2-1/2